|
|
|
|
| LEADER |
00743cam a2200193 7i4500 |
| 001 |
0000018779 |
| 005 |
20070110090000.0 |
| 022 |
0 |
0 |
|a 1675-302X
|
| 090 |
0 |
0 |
|a M 381.1025
|b MAL
|
| 110 |
2 |
0 |
|a Malaysia Tourism Promotion Board (Ministry of Culture, Arts and Tourism)
|
| 245 |
2 |
0 |
|a Malaysia convention & exhibition directory 2006/2007.
|
| 260 |
0 |
0 |
|a Shah Alam:
|b Times Trade Directories,
|c 2006.
|
| 300 |
# |
# |
|a 365 p.
|
| 650 |
0 |
0 |
|a Exhibitions --
|x Directories --
|z Malaysia
|
| 650 |
0 |
0 |
|a Conventions --
|x Directories --
|z Malaysia
|
| 651 |
0 |
0 |
|a Malaysia
|
| 999 |
|
|
|a SRW000065H
|b Directories
|c Malaysia
|e MATRADE Sarawak
|
| 999 |
|
|
|a SBH000637H
|b Directories
|c Malaysia
|e MATRADE Sabah
|
| 999 |
|
|
|a PNG000659H
|b Directories
|c Malaysia
|e MATRADE Northern Regional Office
|